<?xml version="1.0" encoding="UTF-8"?>
<record
    xmlns:xsi="http://www.w3.org/2001/XMLSchema-instance"
    xsi:schemaLocation="http://www.loc.gov/MARC21/slim http://www.loc.gov/standards/marcxml/schema/MARC21slim.xsd"
    xmlns="http://www.loc.gov/MARC21/slim">

  <leader>00817nam a2200181Ia 4500</leader>
  <controlfield tag="008">090124s9999    xx            000 0 und d</controlfield>
  <datafield tag="082" ind1=" " ind2=" ">
    <subfield code="b">101865</subfield>
  </datafield>
  <datafield tag="100" ind1=" " ind2=" ">
    <subfield code="a">&#x91C;&#x94B;&#x936;&#x940; &#x91C;. &#x930;&#x93E;. (&#x91C;&#x917;&#x928;&#x94D;&#x928;&#x93E;&#x925; &#x930;&#x93E;&#x92E;&#x91A;&#x902;&#x926;&#x94D;&#x930;)</subfield>
  </datafield>
  <datafield tag="245" ind1=" " ind2=" ">
    <subfield code="a"> &#x928;&#x93E;. &#x928;&#x93E;&#x930;&#x93E;&#x92F;&#x923; &#x92D;&#x93E;&#x938;&#x94D;&#x915;&#x930; &#x916;&#x930;&#x947; &#x92F;&#x93E;&#x902;&#x91A;&#x947; &#x91A;&#x930;&#x93F;&#x924;&#x94D;&#x930;</subfield>
  </datafield>
  <datafield tag="250" ind1=" " ind2=" ">
    <subfield code="a">1</subfield>
  </datafield>
  <datafield tag="260" ind1=" " ind2=" ">
    <subfield code="c">1943</subfield>
  </datafield>
  <datafield tag="300" ind1=" " ind2=" ">
    <subfield code="a">12+17+325+</subfield>
  </datafield>
  <datafield tag="600" ind1=" " ind2=" ">
    <subfield code="a">&#x91C;&#x94B;&#x936;&#x940; &#x91C;. &#x930;&#x93E;. (&#x91C;&#x917;&#x928;&#x94D;&#x928;&#x93E;&#x925; &#x930;&#x93E;&#x92E;&#x91A;&#x902;&#x926;&#x94D;&#x930;)</subfield>
  </datafield>
  <datafield tag="630" ind1=" " ind2=" ">
    <subfield code="a"> &#x928;&#x93E;. &#x928;&#x93E;&#x930;&#x93E;&#x92F;&#x923; &#x92D;&#x93E;&#x938;&#x94D;&#x915;&#x930; &#x916;&#x930;&#x947; &#x92F;&#x93E;&#x902;&#x91A;&#x947; &#x91A;&#x930;&#x93F;&#x924;&#x94D;&#x930;</subfield>
  </datafield>
  <datafield tag="700" ind1=" " ind2=" ">
    <subfield code="a">&#x91C;&#x94B;&#x936;&#x940; &#x91C;. &#x930;&#x93E;. (&#x91C;&#x917;&#x928;&#x94D;&#x928;&#x93E;&#x925; &#x930;&#x93E;&#x92E;&#x91A;&#x902;&#x926;&#x94D;&#x930;)</subfield>
  </datafield>
  <datafield tag="730" ind1=" " ind2=" ">
    <subfield code="a"> &#x928;&#x93E;. &#x928;&#x93E;&#x930;&#x93E;&#x92F;&#x923; &#x92D;&#x93E;&#x938;&#x94D;&#x915;&#x930; &#x916;&#x930;&#x947; &#x92F;&#x93E;&#x902;&#x91A;&#x947; &#x91A;&#x930;&#x93F;&#x924;&#x94D;&#x930;</subfield>
  </datafield>
  <datafield tag="942" ind1=" " ind2=" ">
    <subfield code="c">BOOK</subfield>
  </datafield>
  <datafield tag="999" ind1=" " ind2=" ">
    <subfield code="c">147957</subfield>
    <subfield code="d">147957</subfield>
  </datafield>
  <datafield tag="952" ind1=" " ind2=" ">
    <subfield code="0">0</subfield>
    <subfield code="1">0</subfield>
    <subfield code="4">0</subfield>
    <subfield code="7">0</subfield>
    <subfield code="a">THNMGS</subfield>
    <subfield code="b">THNMGS</subfield>
    <subfield code="d">0000-00-00</subfield>
    <subfield code="g">3.50</subfield>
    <subfield code="l">0</subfield>
    <subfield code="o">101865</subfield>
    <subfield code="p">THNMGS-101865</subfield>
    <subfield code="r">2009-01-24 00:00:00</subfield>
    <subfield code="v">3.50</subfield>
    <subfield code="w">2009-01-24</subfield>
    <subfield code="y">BOOK</subfield>
  </datafield>
</record>
